| LEADER |
01445ngm0a2200289 450 |
| 001 |
16847850 |
| 100 |
|
|
|a 20200131d2020 u u0frey01 ba
|
| 101 |
0 |
|
|a fre
|
| 102 |
|
|
|a FR
|
| 200 |
0 |
|
|a Joyeuse retraite !
|f Fabrice Bracq, réal.
|g Adrien Bekerman, comp. - Guillaume Clicquot De mentque, Fabrice Bracq, scénario - Thierry Lhermitte, Michèle Laroque, Nicole Ferroni, Nicolas Martinez, Loup-Denis Elion, Omar Mebrouk, ... [et al.] act.
|
| 207 |
|
1 |
|a
|
| 210 |
|
|
|a Grande-Bretagne
|c M6 vidéo
|d 2020
|
| 215 |
|
|
|a 1 DVD vidéo monoface zone 2 (1 h 33 min)
|c 16/9, coul. (PAL), son. (Dolby digital 5.1)
|
| 300 |
|
|
|a Audiodescription
|
| 330 |
|
|
|a L'heure de la retraite est enfin arrivée pour Philippe et Marilou ! Ils s'apprêtent à réaliser leur rêve : partir vivre sous le soleil du Portugal. Au revoir le travail, au revoir la famille, au revoir les emmerdes ! Ils pensaient enfin être tranquilles... mais leur famille a d'autres projets pour eux !
|
| 700 |
|
0 |
|a Bracq
|b Fabrice
|4 370
|
| 702 |
|
0 |
|a Clicquot De mentque
|b Guillaume
|4 690
|
| 702 |
|
0 |
|a Bekerman
|b Adrien
|4 230
|
| 702 |
|
0 |
|a Lhermitte
|b Thierry
|4 5
|
| 702 |
|
0 |
|a Laroque
|b Michèle
|4 5
|
| 702 |
|
0 |
|a Ferroni
|b Nicole
|4 5
|
| 702 |
|
0 |
|a Martinez
|b Nicolas
|4 5
|
| 702 |
|
0 |
|a Elion
|b Loup-Denis
|4 5
|
| 702 |
|
0 |
|a Mebrouk
|b Omar
|4 5
|
| 900 |
|
|
|a Film
|
| 901 |
|
|
|a Accessible au prêt
|
| 995 |
|
|
|a Bibliothèque
|c Bibliothèque
|f 00156010869956
|h 00156010869956
|k F BRA
|o p
|q a
|r gd
|e Bibliothèque
|